00718nam a22001457a 4500008004100000020001500041050001300056100002400069245012000093260005200213300002400265500002000289505023600309650002700545120410t xxu||||| |||| 00| 0 eng d a1555425615 aHD66.H43 aCherman, Stanley M. aA force of ones: reclaiming individual power in a time of teams work groups, and other crowds. /cStanley M. Herman aSan Francisco:bJossey-Bass Publishers,cc1994. axxi, 261 p.:c21cm. aIncludes index. aContents: Introduction: reclaiming the power of the individual -- Tapping into your singular vision -- Staying centered in key work relationships -- Organizations are individuals, too -- Customs of command and arts of the possible. bTeams in the workplace